000 00312nam a22001337a 4500
008 170210b xxu||||| |||| 00| 0 eng d
020 _a9780072878578
041 _aeng
080 _25TH
_a61
100 _a4
101 _aSHM
245 _aHEALTH EDUCATION AND HEALTH PROMOTION
_cGREENBERG, J.S
942 _2udc
_cBK
999 _c5173
_d5173